000 00363nam a2200157 i 4500
001 bg
100 1 _aQUENELLE, G.
245 0 _aLa France dans votre poche /
_cG. Quenelle, J. Tournaire.
250 _aWyd.3.
260 _aParis,
_c1974.
700 1 _aTOURNAIRE, J.
040 _cBPK
041 _apol
942 _cKS
008 s pl f |000 0 pol
999 _c818
_d818
856 _uhttp://koha.tu.koszalin.pl/cgi-bin/koha/opac-detail.pl?biblionumber=818
_yKatalog online BPK